000 00707nam a22002297a 4500
005 20170124110206.0
010 _aB-122103
020 _c00.00
_a1842364170
035 _aB-122103
037 _bCen Lib/Ret
040 _aDPL
_bEN
082 _a030
_bPAR
100 _aParker, Steve
_937343
245 _aQuestions and answers encyclopedia /
_cby Steve Parker [and] Brian Williams
260 _aGreat Barfield
_bMiles kelly publishing
_c2004
270 _bGreat Barfield
300 _a256p. :
_c27cm(Hb)
_bill.
500 _aIncludes index
650 _aChildren's questions and answers
_vEncyclopeadia
_972709
700 _aWilliams, Brian
_972710
942 _2ddc
_cJ
_h030
_mPAR
999 _c133239
_d133239